000 00574nam a2200205 4500
003 OSt
005 20240703022229.0
006 a
008 240703b |||||||| |||| 00| 0 eng d
020 _a9719178639
040 _aDWCL-Main lib.
_cOC
082 _aFil. 330 V732b 2004
100 _aVillegas, Bernardo M.
245 _aBasic economics /
260 _aPasig City :
_bCenter for Research and Communication Foundation, Inc.,
_cc2004.
300 _b222 p. : ill. ;
_c25 cm.
504 _aIncludes index.
650 _a1. Economics.
942 _2ddc
_n0
_cBK - FIL
_kFil.
999 _c1856
_d1856